000 00299nam a22001217a 4500
008 180103b xxu||||| |||| 00| 0 eng d
041 _aeng
080 _a316
100 _a50
101 _aSOC
245 _aADOLSCENT SEXUALITY IN CHANGING AMERICAN SOCIETY
_cCHILMAN,C.S
942 _2udc
_cBK
999 _c39596
_d39596